Fish Species of Georgia - Statistics

General Stats
  • This quiz has been taken 13 times
  • The average score is 31 of 253
Answer Stats
Scientific Name Species % Correct
Micropterus salmoides Largemouth Bass
78%
Micropterus dolomieu Smallmouth Bass
78%
Lepomis macrochirus Bluegill
67%
Ictalurus furcatus Blue Catfish
56%
Ambloplites rupestris Rock Bass
56%
Salvelinus fontinalis Brook Trout
44%
Esox niger Chain Pickerel
44%
Ictalurus punctatus Channel Catfish
44%
Semotilus atromaculatus Creek Chub
44%
Morone saxatilis Striped Bass
44%
Morone americana White Perch
44%
Pomoxis nigromaculatus Black Crappie
33%
Ameiurus nebulosus Brown Bullhead
33%
Pylodictis olivaris Flathead Catfish
33%
Lepisosteus platyrhincus Florida Gar
33%
Lepomis cyanellus Green Sunfish
33%
Lepisosteus osseus Longnose Gar
33%
Etheostoma caeruleum Rainbow Darter
33%
Lepomis auritus Redbreast Sunfish
33%
Lepomis microlophus Redear Sunfish
33%
Ictiobus bubalus Smallmouth Buffalo
33%
Morone chrysops White Bass
33%
Ameiurus catus White Catfish
33%
Pomoxis annularis White Crappie
33%
Ameiurus natalis Yellow Bullhead
33%
Alosa alabamae Alabama Shad
22%
Anguilla rostrata American Eel
22%
Alosa sapidissima American Shad
22%
Enneacanthus chaetodon Blackbanded Sunfish
22%
Ameiurus melas Black Bullhead
22%
Enneacanthus gloriosus Bluespotted Sunfish
22%
Campostoma anomalum Central Stoneroller
22%
Gambusia holbrooki Eastern Mosquitofish
22%
Centrarchus macropterus Flier
22%
Aplodinotus grunniens Freshwater Drum
22%
Lepomis megalotis Longear Sunfish
22%
Acantharchus pomotis Mud Sunfish
22%
Esox masquinongy Muskellunge
22%
Micropterus coosae Redeye Bass
22%
Esox americanus Redfin Pickerel
22%
Micropterus punctulatus Spotted Bass
22%
Lepisosteus oculatus Spotted Gar
22%
Minytrema melanops Spotted Sucker
22%
Etheostoma olmstedi Tessellated Darter
22%
Dorosoma petenense Threadfin Shad
22%
Lepomis gulosus Warmouth
22%
Luxilus coccogenis Warpaint Shiner
22%
Catostomus commersonii White Sucker
22%
Perca flavescens Yellow Perch
22%
Micropterus henshalli Alabama Bass
11%
Hypentelium etowanum Alabama Hog Sucker
11%
Cyprinella callistia Alabama Shiner
11%
Micropterus sp. Altamaha Bass
11%
Cyprinella xaenura Altamaha Shiner
11%
Moxostoma sp. Apalachicola Redhorse
11%
Acipenser oxyrinchus Atlantic Sturgeon
11%
Etheostoma zonale Banded Darter
11%
Elassoma zonatum Banded Pygmy Sunfish
11%
Cottus carolinae Banded Sculpin
11%
Enneacanthus obesus Banded Sunfish
11%
Fundulus cingulatus Banded Topminnow
11%
Luxilus zonistius Bandfin Shiner
11%
Cyprinella leedsi Bannerfin Shiner
11%
Micropterus sp. Bartram's Bass
11%
Anchoa mitchilli Bay Anchovy
11%
Hybopsis amblops Bigeye Chub
11%
Moxostoma duquesnii Black Redhorse
11%
Etheostoma duryi Blackside Snubnose Darter
11%
Fundulus olivaceus Blackspotted Topminnow
11%
Fundulus notatus Blackstripe Topminnow
11%
Cyprinella venusta Blacktail Shiner
11%
Lythrurus atrapiculus Blacktip Shiner
11%
Erimystax insignis Blotched Chub
11%
Alosa aestivalis Blueback Herring
11%
Lucania goodei Bluefin Killifish
11%
Campostoma pauciradii Bluefin Stoneroller
11%
Cyprinella caerulea Blue Shiner
11%
Etheostoma jessiae Blueside Darter
11%
Cyprinella callitaenia Bluestripe Shiner
11%
Amia calva Bowfin
11%
Moxostoma sp. Brassy Jumprock
11%
Labidesthes sicculus Brook Silverside
11%
Etheostoma edwini Brown Darter
11%
Micropterus chattahoochae Chattahoochee Bass
11%
Cottus chattahoochee Chattahoochee Sculpin
11%
Etheostoma scotti Cherokee Darter
11%
Ichthyomyzon castaneus Chestnut Lamprey
11%
Etheostoma hopkinsi Christmas Darter
11%
Hybopsis winchelli Clear Chub
11%
Etheostoma ditrema Coldwater Darter
11%
Macrhybopsis sp. Coosa Chub
11%
Etheostoma coosae Coosa Darter
11%
Erimyzon oblongus Creek Chubsucker
11%
Lepomis marginatus Dollar Sunfish
11%
Rhinichthys atratulus Eastern Blacknose Dace
11%
Hybognathus regius Eastern Silvery Minnow
11%
Hybopsis sp. Etowah Chub
11%
Etheostoma etowahae Etowah Darter
11%
Elassoma evergladei Everglades Pygmy Sunfish
11%
Dormitator maculatus Fat Sleeper
11%
Ameiurus platycephalus Flat Bullhead
11%
Percina lenticula Freckled Darter
11%
Dorosoma cepedianum Gizzard Shad
11%
Moxostoma erythrurum Golden Redhorse
11%
Fundulus chrysotus Golden Topminnow
11%
Etheostoma parvipinne Goldstripe Darter
11%
Etheostoma jordani Greenbreast Darter
11%
Etheostoma chlorobranchium Greenfin Darter
11%
Etheostoma blennioides Greenside Darter
11%
Alosa mediocris Hickory Shad
11%
Carpiodes velifer Highfin Carpsucker
11%
Clinostomus spp. Hiwassee Dace
11%
Etheostoma brevirostrum Holiday Darter
11%
Menidia beryllina Inland Silverside
11%
Erimyzon sucetta Lake Chubsucker
11%
Eleotris amblyopsis Largescale Spinycheek Sleeper
11%
Campostoma oligolepis Largescale Stoneroller
11%
Heterandria formosa Least Killifish
11%
Hybopsis lineapunctata Lined Chub
11%
Fundulus lineolatus Lined Topminnow
11%
Etheostoma chuckwachatte Lipstick Darter
11%
Percina caprodes Logperch
11%
Fundulus confluentus Marsh Killifish
11%
Cottus bairdii Mottled Sculpin
11%
Ichthyomyzon greeleyi Mountain Brook Lamprey
11%
Agonostomus monticola Mountain Mullet
11%
Lythrurus lirus Mountain Shiner
11%
Fundulus heteroclitus Mummichog
11%
Hypentelium nigricans Northern Hog Sucker
11%
Fundulus catenatus Northern Studfish
11%
Moxostoma collapsum Notchlip Redhorse
11%
Cyprinella callisema Ocmulgee Shiner
11%
Ichthyomyzon bdellium Ohio Lamprey
11%
Aphredoderus sayanus Pirate Perch
11%
Lythrurus bellus Pretty Shiner
11%
Leptolucania ommata Pygmgy Killifish
11%
Carpiodes cyprinus Quillback
11%
Lucania parva Rainwater Killifish
11%
Fundulus rubifrons Redface Topminnow
11%
Etheostoma rufilineatum Redline Darter
11%
Lepomis miniatus Redspotted Sunfish
11%
Nocomis micropogon River Chub
11%
Awaous banana River Goby
11%
Etheostoma rupestre Rock Darter
11%
Hybopsis rubifrons Rosyface Chub
11%
Clinostomus funduloides Rosyside Dace
11%
Fundulus escambiae Russetfin Topminnow
11%
Etheostoma fricksium Savannah Darter
11%
Etheostoma serrifer Sawcheek Darter
11%
Lythrurus fasciolaris Scarlet Shiner
11%
Ambloplites ariommus Shadow Bass
11%
Micropterus cataractae Shoal Bass
11%
Acipenser brevirostrum Shortnose Sturgeon
11%
Alosa chrysochloris Skipjack Herring
11%
Ameiurus brunneus Snail Bullhead
11%
Etheostoma simoterum Snubnose Darter
11%
Ichthyomyzon gagei Southern Brook Lamprey
11%
Ammocrypta meridiana Southern Sand Darter
11%
Fundulus stellifer Southern Studfish
11%
Etheostoma stigmaeum Speckled Darter
11%
Fundulus luciae Spotfin Killifish
11%
Cyprinella spiloptera Spotfin Shiner
11%
Ameiurus serracanthus Spotted Bullhead
11%
Lepomis punctatus Spotted Sunfish
11%
Cyprinella whipplei Steelcolor Shiner
11%
Fundulus majalis Striped Killifish
11%
Luxilus chrysocephalus Striped Shiner
11%
Micropterus notius Suwannee Bass
11%
Etheostoma fusiforme Swamp Darter
11%
Chologaster cornuta Swampfish
11%
Micropterus tallapoosae Tallapoosa Bass
11%
Etheostoma tallapoosae Tallapoosa Darter
11%
Cottus tallapoosae Tallapoosa Sculpin
11%
Cyprinella gibbsi Tallapoosa Shiner
11%
Etheostoma tennesseense Tennessee Darter
11%
Cyprinella trichroistia Tricolor Shiner
11%
Etheostoma trisella Trispot Darter
11%
Etheostoma inscriptum Turquoise Darter
11%
Sander vitreus Walleye
11%
Erimyzon claviformis Western Creek Chubsucker
11%
Gambusia affinis Western Mosquitofish
11%
Cyprinella nivea Whitefin Shiner
11%
Cyprinella galactura Whitetail Shiner
11%
Etheostoma vulneratum Wounded Darter
11%
Percina antesella Amber Darter
0%
Pteronotropis grandipinnis Apalachee Shiner
0%
Percina nigrofasciata Blackbanded Darter
0%
Noturus funebris Black Madtom
0%
Moxostoma poecilurum Blacktail Redhorse
0%
Nocomis leptocephalus Bluehead Chub
0%
Pteronotropis welaka Bluenose Shiner
0%
Pimephales notatus Bluntnose Minnow
0%
Percina kusha Bridled Darter
0%
Pteronotropis euryzonus Broadstripe Shiner
0%
Percina palmaris Bronze Darter
0%
Pimephales vigilax Bullhead Minnow
0%
Notropis asperifrons Burrhead Shiner
0%
Notropis petersoni Coastal Shiner
0%
Percina jenkinsi Conasauga Logperch
0%
Notropis xaenocephalus Coosa Shiner
0%
Semotilus thoreauianus Dixie Chub
0%
Percina sciera Dusky Darter
0%
Notropis cummingsae Dusky Shiner
0%
Umbra pygmaea Eastern Mudminnow
0%
Notropis atherinoides Emerald Shiner
0%
Noturus munitus Frecklebelly Madtom
0%
Percina evides Gilt Darter
0%
Notemigonus crysoleucas Golden Shiner
0%
Percina aurolineata Goldline Darter
0%
Moxostoma lachneri Greater Jumprock
0%
Elassoma gilberti Gulf Coast Pygmgy Sunfish
0%
Etheostoma swaini Gulf Darter
0%
Percina crypta Halloween Darter
0%
Notropis micropteryx Highland Shiner
0%
Notropis hypsilepis Highscale Shiner
0%
Trinectes maculatus Hogchoker
0%
Notropis chalybaeus Ironcolor Shiner
0%
Notropis amplamala Longjaw Minnow
0%
Notropis longirostris Longnose Shiner
0%
Pteronotropis stonei Lowland Shiner
0%
Noturus insignis Margined Madtom
0%
Pteronotropis metallicus Metallic Shiner
0%
Notropis volucellus Mimic Shiner
0%
Notropis spectrunculus Mirror Shiner
0%
Percina kathae Mobile Logperch
0%
Percina smithvanizi Muscadine Darter
0%
Elassoma okefenokee Okefenokee Pygmgy Sunfish
0%
Percina squamata Olive Darter
0%
Opsopoedus emiliae Pugnose Minnow
0%
Notropis chrosomus Rainbow Shiner
0%
Notropis harperi Redeye Chub
0%
Phenacobius catostomus Riffle Minnow
0%
Moxostoma carinatum River Redhorse
0%
Moxostoma robustum Robust Redhorse
0%
Poecilia latinpinna Sailfin Molly
0%
Moxostoma anisurum Silver Redhorse
0%
Notropis photogenis Silver Shiner
0%
Notropis stilbius Silverstripe Shiner
0%
Noturus leptacanthus Speckled Madtom
0%
Notropis hudsonius Spottail Shiner
0%
Phenacobius uranops Stargazing Minnow
0%
Moxostoma rupiscartes Striped Jumprock
0%
Mugil cephalus Striped Mullet
0%
Noturus gyrinus Tadpole Madtom
0%
Notropis maculatus Taillight Shiner
0%
Percina aurantiaca Tangerine Darter
0%
Notropis telescopus Telescope Shiner
0%
Notropis leuciodus Tennessee Shiner
0%
Etheostoma gutselli Tuckasegee Darter
0%
Notropis texanus Weed Shiner
0%
Rhinichthys obtusus Western Blacknose Dace
0%
Mugil curema White Mullet
0%
Notropis lutipinnis Yellowfin Shiner
0%
No matching quizzes found
Score Distribution
Percent of People with Each Score
Percentile by Number Answered
Your Score History
You have not taken this quiz